city quiz - Statistics

General Stats
  • This quiz has been taken 2 times
  • The average score is 7 of 16
Answer Stats
Picture Answer % Correct
moscow
100%
paris
100%
amsterdam
50%
barcelona
50%
dubai
50%
jerusalem
50%
london
50%
milan
50%
new york city
50%
rome
50%
sydney
50%
toronto
50%
athenes
0%
shanghai
0%
vienna
0%
xian
0%
No matching quizzes found
Score Distribution
Percent of People with Each Score
Percentile by Number Answered
Your Score History
You have not taken this quiz